Statistiques concernant Arrêter la clope - Renaud

Cliquez ici pour prendre le quiz!

Statistiques générales

  • Ce quiz a été pris 28 fois
  • Le résultat moyen est 209 sur 339

Statistiques - réponses

Réponse% Correct
à
100%
À
100%
Arrêter
100%
arrêter
100%
clope
100%
la
100%
ce
93%
de
93%
et
93%
Et
93%
me
93%
que
93%
avant
86%
ces
86%
les
86%
ma
86%
mes
86%
pas
86%
qu'elle
86%
vie
86%
cette
79%
cigarettes
79%
dans
79%
en
79%
n'arrête
79%
pour
79%
sa
79%
toi
79%
un
79%
une
79%
ans
71%
au
71%
avec
71%
C'est
71%
c'est
71%
comme
71%
des
71%
du
71%
faut
71%
jour
71%
leurs
71%
par
71%
plus
71%
putain
71%
Quand
71%
qui
71%
si
71%
Tu
71%
tu
71%
volonté
71%
blanc
64%
came
64%
cancer
64%
Chaque
64%
chaque
64%
côté
64%
d'mes
64%
fumeur
64%
libre
64%
même
64%
ont
64%
potes
64%
quarante
64%
sacrée
64%
sur
64%
tronche
64%
trop
64%
vente
64%
y
64%
aucune
57%
autre
57%
belle
57%
bronches
57%
cigares
57%
con
57%
couleur
57%
d'arrêter
57%
détermination
57%
d'la
57%
douze
57%
fastoche
57%
feu
57%
fois
57%
fument
57%
fumer
57%
fumeurs
57%
j'ai
57%
J'veux
57%
j'veux
57%
mais
57%
moi
57%
mon
57%
non
57%
paraîtrait
57%
puis
57%
sérieux
57%
taxer
57%
terrible
57%
thune
57%
basque
50%
bérêt
50%
bien
50%
carottes
50%
cibiches
50%
déjà
50%
dis
50%
d'puis
50%
enfoirés
50%
galérer
50%
imagine
50%
jolie
50%
j'pourrais
50%
J'pourrais
50%
j'vais
50%
marcher
50%
m'faire
50%
m'offrent
50%
mourir
50%
pompiers
50%
presque
50%
qu'j'arrête
50%
rue
50%
tabac
50%
treize
50%
vraiment
50%
z'ont
50%
bistrots
43%
clopes
43%
coin
43%
d'ce
43%
deuil
43%
diable
43%
d'un
43%
j'les
43%
j'vois
43%
mec
43%
mômes
43%
passer
43%
pourrais
43%
profond
43%
qu'faut
43%
qu'j'ai
43%
surtout
43%
truc
43%
ceux
36%
dealers
36%
dire
36%
fumée
36%
juste
36%
j'vous
36%
laissée
36%
merde
36%
pièce
36%
poison
36%
p't'être
36%
qu'après
36%
Soixante
36%
trente
36%
veux
36%
américains
29%
aussi
29%
besoin
29%
cauchemar
29%
chacun
29%
État
29%
eu
29%
jalousie
29%
jamais
29%
l'autre
29%
moment
29%
motivation
29%
pis
29%
planète
29%
pourquoi
29%
prive
29%
qu'tu
29%
rendent
29%
rive
29%
s'enrichit
29%
seule
29%
t'laisser
29%
t'maquer
29%
toxico
29%
t'remettre
29%
vingt-cinq
29%
arrive
21%
criminel
21%
d'cette
21%
d'filer
21%
d'plaisir
21%
d'viendrait
21%
idée
21%
J'trouve
21%
l'éternité
21%
l'même
21%
meures
21%
m'libérer
21%
qu'ça
21%
qu'est
21%
r'garder
21%
Super-trusts
21%
supplie
21%
temps
21%
t'expliquent
21%
vieille
21%
admirables
14%
gerbe
14%
héroïques
14%
m'retrouver
14%
rejeté
14%
schlingue
14%
Schwartzenberg
14%
trafiquant
14%

Distribution des résultats

Percentile par nombre de réponses

% des personnes avec chaque résultat

Votre développement - résultats

Vous n’avez pas pris ce quiz